Design And Development Of Contactless Battery Charger For Underwater Vehicles (Record no. 233594)
[ view plain ]
| 000 -LEADER | |
|---|---|
| fixed length control field | 00825nam a2200145Ia 4500 |
| 008 - FIXED-LENGTH DATA ELEMENTS--GENERAL INFORMATION | |
| fixed length control field | 231221s9999 xx 000 0 und d |
| 041 ## - LANGUAGE CODE | |
| Language code of text/sound track or separate title | English |
| 082 ## - DEWEY DECIMAL CLASSIFICATION NUMBER | |
| Classification number | CPEC15-1069 |
| 100 ## - MAIN ENTRY--PERSONAL NAME | |
| Personal name | Manikandan J. Akash S. Vishwanath A. Nandakumar R. Agrawal V K. Manu Korulla. |
| 245 #0 - TITLE STATEMENT | |
| Title | Design And Development Of Contactless Battery Charger For Underwater Vehicles |
| 260 ## - PUBLICATION, DISTRIBUTION, ETC. | |
| Date of publication, distribution, etc. | 2015 |
| 500 ## - GENERAL NOTE | |
| General note | Design And Development Of Contactless Battery Charger For Underwater Vehicles Manikandan J, Akash S, Vishwanath A, Nandakumar R, Agrawal VK and Manu Korulla Crucible of Research and Innovation (CORI), PES University, Bangalore Department of ECE, PES University, Bangalore Michael Faraday IET International Summit, Kolkata, pp. 362-367, 12-13 Sep 2015. |
| 650 ## - SUBJECT ADDED ENTRY--TOPICAL TERM | |
| Topical term or geographic name entry element | Contactless,Battery,Charger,Underwater,Vehicles |
| 942 ## - ADDED ENTRY ELEMENTS (KOHA) | |
| Koha item type | Institutional repository |
| Date last seen | Total checkouts | Full call number | Accession number | Price effective from | Category | Lost status | Damaged status | Department | Withdrawn status | Home library | Current library | Shelving location | Entry date | Grants | Currency symbol | Conversion rate | Discount | Old discount |
|---|---|---|---|---|---|---|---|---|---|---|---|---|---|---|---|---|---|---|
| 26/01/2024 | CPEC15-1069 | IR1069 | 26/01/2024 | Institutional repository | EC | Central Library | Central Library | Central Library | EC | RS | 1 |
